<The> Stability of Household Production Technology <A> Replication
Guardado en:
| Autor principal: | |
|---|---|
| Otros Autores: | |
| Formato: | Libro |
| Lenguaje: | inglés |
| Publicado: |
New Haven
Yale University
1989
|
| Edición: | 1. ed. |
| Colección: | Center Paper
No. 413 |
| Etiquetas: |
Sin Etiquetas, Sea el primero en etiquetar este registro!
|
MARC
| LEADER | 00000nam a2200000 4500 | ||
|---|---|---|---|
| 001 | c039113 | ||
| 005 | 20221215114444.3 | ||
| 041 | 0 | |a eng | |
| 044 | |a US | ||
| 245 | 1 | 0 | |a <The> Stability of Household Production Technology |b <A> Replication |c Mark R. Rosenzweig, Paul T. Schultz |
| 250 | |a 1. ed. | ||
| 264 | 1 | |a New Haven |b Yale University |c 1989 | |
| 300 | |a S. 536-549 | ||
| 490 | 1 | |a Center Paper |v No. 413 | |
| 830 | 0 | |a Center Paper |v No. 413 | |
| 100 | 1 | |a Rosenzweig, Mark R. | |
| 700 | 1 | |a Schultz, Paul T. | |